| 000 | 02174nam0a2200361 4500 | ||
|---|---|---|---|
| 001 | RU\NLR\bibl\1493080 | ||
| 005 | 20260407222223.0 | ||
| 010 |
_a978-5-93441-209-9 _9500 |
||
| 021 |
_aRU _b2010-8336 _9546 |
||
| 035 | _a(nilc)RSL-KNO-004579735 | ||
| 035 | _a(NLR Aleph) 001484620 | ||
| 090 |
_a1725172 _c1725172 |
||
| 100 | _a20100212d2010 |||y0rusy50 ca | ||
| 101 | 0 | _arus | |
| 102 | _aRU | ||
| 105 | _aa ||||||||| | ||
| 200 | 1 |
_aИнновации в российском профсоюзном движении: практика, проблемы _eмеждународная научно-практическая конференция _eматериалы Международной научно-практической конференции _f[редкол.: Ш. З. Санатулов и др.] |
|
| 210 |
_aМосква _cАТИСО _d2010 |
||
| 215 |
_a251, [1] с. _cил., цв. портр. _d25 |
||
| 300 | _a10-летию Межрегиональной профсоюзной организации ОАО "Газпром" посвящается | ||
| 601 | 0 | 2 |
_a"Газпром", российское акционерное общество _bМежрегиональная профсоюзная организация _jСъезды, совещания и т.п. _92381811 _3RU\NLR\auth\661421024 |
| 606 | 1 |
_aПрофессиональные союзы _jСъезды, совещания и т.п. _yРоссийская Федерация _91310221 _3RU\NLR\auth\66543404 |
|
| 686 |
_aФ72(2Р)я431(0) _2rubbk |
||
| 686 | _aФ72(2)920.6я431 | ||
| 686 | _aФ72(2)274я431 | ||
| 702 | 1 |
_aСанатулов _bШ. З. _gШамиль Зейналович _4340 |
|
| 711 | 1 | 2 |
_4070 _a"Инновации в российском профсоюзном движении: практика, проблемы", международная научно-практическая конференция _f2010 _eМосква _3RU\NLR\AUTH\8810149465 _9793526 |
| 801 | 0 |
_aRU _bРГБ _c20100212 _gRCR |
|
| 801 | 1 |
_aRU _bРГБ _c20100212 |
|
| 801 | 2 |
_aRU _bNLR _c20100401 _grcr |
|
| 942 | _cBOOK | ||
| 980 | _aNB | ||